| 000 | 00509cam a2200193ua 4500 | ||
|---|---|---|---|
| 020 | _cRs 350.00 | ||
| 041 |
_aeng _h |
||
| 082 |
_a388.341 _bRAM/IN |
||
| 100 | _aRamaswamy , N S . | ||
| 245 |
_aIndia`s animal-drawn vehicles / _cN S Ramaswamy. _hTextual Documents |
||
| 260 |
_aBangalore : _bIndian Institute of Management , _c1984. |
||
| 300 | _a365 ; . | ||
| 365 | _aRs 350.00 | ||
| 500 | _a**Reference | ||
| 504 | _a | ||
| 700 | 1 | _aNarasimham, C L . | |
| 942 | _cBK | ||
| 999 |
_c3790 _d3790 |
||